Loading...
Law of consumer protection principles and practice
| Main Author: | |
|---|---|
| Published: |
Lucknow
Eastern Book
1994
|
| LEADER | 00432nam a22001217a 4500 | ||
|---|---|---|---|
| 020 | |a 8170125383 | ||
| 100 | |a Avatar Singh |9 434 | ||
| 245 | |a Law of consumer protection |b principles and practice | ||
| 260 | |a Lucknow |b Eastern Book |c 1994 | ||
| 300 | |a 254p. | ||
| 942 | |c LLBB |6 _ | ||
| 999 | |c 184535 |d 184535 | ||
| 952 | |0 0 |1 0 |4 0 |6 3493366542_AVT94 |7 0 |9 237946 |a SLS |b SLS |d 2009-01-01 |l 2 |o 349.3:366.54.2 AVT'94 |p SLS018199 |r 2018-12-20 |s 2018-09-05 |w 2009-01-01 |y LLBB | ||